| 000 | 00346nam a22001097a 4500 | ||
|---|---|---|---|
| 082 | _a621.31042 HUB'P | ||
| 100 |
_aHUBERT, C. I _957278 |
||
| 245 | _aPREVENTIVE MAINTENANCE OF ELECTRICAL EQUIPMENT PREVENTIVE PROGRAME TROUBLESHOOTING EMERGENCE PEPAIRS OPEARTING TECHNIQUES | ||
| 260 |
_aNEWYORK _bMCGRAW HILL _c1955 |
||
| 300 | _a214P | ||
| 942 | _cBK | ||
| 999 |
_c567573 _d567573 |
||